000 00770nam a2200301Ia 4500
001 741
005 20240113233427.0
007 ta
008 050124s1907 a g b000 u eng u
020 _cHB
040 _aRef. stack
041 _aeng
082 _a942
_bWa 144 Ca
100 _aWard, A.W. .
245 0 _aThe Cambridge modern History /
_cA.W.Ward, G.W.Prothero & Stanley Leathes ed.
_hTextual Documents
250 _a1st ed /
260 _aLondon :
_bCambridge University Press ,
_c1907.
300 _a857p. :
_bill ;
_c23cm. .
362 _aVol.II-
653 _aModern History - Cambridge
653 _aT/G- History
942 _2ddc
_cBK
999 _c739
_d739